000 00752nam a2200241Ia 4500
003 OSt
005 20220926000558.0
006 a|||||r|||| 00| 0
007 ta
008 220923b |||||||| |||| 00| 0 eng d
037 _cGeneral Book
040 _aRTL
_cRTL
_beng
041 _2eng
_aeng
082 _aX79F.2.N7, L1
100 _aHicks Ursula
_9302811
245 0 _aFederal finace in a developing economy
260 _a New Delhi
_bIndian Institute of Public Admibistration India
_c1971
300 _a14p.
_ccm.
490 _aIndian institute of public administration management unit eccassional lectrues,2
650 _aFederal Finance
942 _hX79F.2.N7, L1
_cGB
_2CC
999 _c599326
_d599326